KEY CONCEPTS IN TOURISM STUDIES (Record no. 71045)
[ view plain ]
| 000 -LEADER | |
|---|---|
| fixed length control field | 00256nam a2200121Ia 4500 |
| 003 - CONTROL NUMBER IDENTIFIER | |
| control field | OSt |
| 005 - DATE AND TIME OF LATEST TRANSACTION | |
| control field | 20240224130542.0 |
| 040 ## - CATALOGING SOURCE | |
| Transcribing agency | LCC |
| 050 ## - LIBRARY OF CONGRESS CALL NUMBER | |
| Classification number | G 155.9 .S65 2010 |
| 100 ## - MAIN ENTRY--PERSONAL NAME | |
| Personal name | SMITH,MELANIE |
| 245 #0 - TITLE STATEMENT | |
| Title | KEY CONCEPTS IN TOURISM STUDIES |
| 942 ## - ADDED ENTRY ELEMENTS (KOHA) | |
| Koha item type | Long Loan Book |
| Source of classification or shelving scheme | Library of Congress Classification |
| Withdrawn status | Lost status | Source of classification or shelving scheme | Damaged status | Not for loan | Collection | Home library | Current library | Date acquired | Inventory number | Total checkouts | Full call number | Barcode | Date last seen | Copy number | Price effective from | Koha item type |
|---|---|---|---|---|---|---|---|---|---|---|---|---|---|---|---|---|
| Library of Congress Classification | Arts & Social Sciences | Kisii University Library | Kisii University Library | 09/15/2023 | 28113 | G 155.9 .S65 2010 | 008898 | 09/15/2023 | 1 | 09/15/2023 | Long Loan Book |